| 000 | 00731nam a22002177a 4500 | ||
|---|---|---|---|
| 003 | OSt | ||
| 005 | 20260126070004.0 | ||
| 008 | 260126b |||||||| |||| 00| 0 eng d | ||
| 020 | _a9786214781119 | ||
| 040 |
_aDWCL - Main Lib. _cOC |
||
| 082 | _aFil. 338.4791 S274a 2026 | ||
| 100 |
_aSaycip, James DC _eAuthor |
||
| 245 |
_aApplied business tools and technologies in tourism and hospitality industry / _cJames DC Saycip |
||
| 250 | _aThird edition | ||
| 260 |
_aManila, Philippines: _bEdric Publishing House, _cc2026. |
||
| 300 |
_a96 pages: _c25 cm. |
||
| 504 | _aIncludes bibliographical references. | ||
| 650 | _a1. Tourism. | ||
| 650 | _a2. Hospitality industry. | ||
| 942 |
_2ddc _cBK - FIL _eThird edition _hFil. _n0 |
||
| 999 |
_c7806 _d7806 |
||